| 000 | 00419nam a2200157Ia 4500 | ||
|---|---|---|---|
| 008 | 210716s2002 xx 000 0 und d | ||
| 020 | _a8120320204 | ||
| 041 | _aeng | ||
| 082 | _a005.2764 BHAH | ||
| 100 | _aBhasin, Hersh. | ||
| 245 |
_aASP.NET: professional projects. _bProfessional projects. |
||
| 250 | _a1 | ||
| 260 |
_aNew Delhi _bPrentice Hall of India PVt Ltd. _c2002 |
||
| 300 | _axviii,638 | ||
| 650 | _aASP | ||
| 999 |
_c187105 _d187105 |
||